Зэхэугъоегъэ тхыгъэу томий хъурэ тхылъхэр. Т. 5: Роман, повестхэр, рассказхэр (Запись № 10276491)

Подробности
000 -МАРКЕР
контрольное поле 01060nam2a2200253 4500
001 - ИДЕНТИФИКАТОР ЗАПИСИ
контрольное поле RU\NLR\ONL2\24596
005 - ИДЕНТИФИКАТОР ВЕРСИИ
контрольное поле 20250613224218.0
010 ## - МЕЖДУНАРОДНЫЙ СТАНДАРТНЫЙ НОМЕР КНИГИ (ISBN)
Номер (ISBN) 978-5-7680-0703-8
035 ## - ДРУГИЕ СИСТЕМНЫЕ НОМЕРА
Идентификатор записи (NLR Aleph) 010211552
100 ## - ДАННЫЕ ОБЩЕЙ ОБРАБОТКИ
Данные общей обработки 20121204d2012 |||y0rusy50 ca
101 0# - ЯЗЫК РЕСУРСА
Язык текста, звукозаписи и т.д. адыгейский
102 ## - СТРАНА ПУБЛИКАЦИИ ИЛИ ПРОИЗВОДСТВА
Страна публикации Российская Федерация
105 ## - ПОЛЕ КОДИРОВАННЫХ ДАННЫХ: ТЕКСТОВЫЕ МАТЕРИАЛЫ, МОНОГРАФИЧЕСКИЕ
Кодированные данные о монографическом текстовом документе y |||||||||
200 1# - ЗАГЛАВИЕ И СВЕДЕНИЯ ОБ ОТВЕТСТВЕННОСТИ
Основное заглавие Роман, повестхэр, рассказхэр
210 ## - ПУБЛИКАЦИЯ, РАСПРОСТРАНЕНИЕ И ДР.
Дата издания, распространения и т.д. 2012
Место издания, распространения и т.д. Б. м.
215 ## - ФИЗИЧЕСКАЯ ХАРАКТЕРИСТИКА
Специфическое обозначение материала и объем 590,[1] с.
461 #0 - УРОВЕНЬ НАБОРА
Встроенное поле 001RU\NLR\ONL2\24595
-- 2001#$aЗэхэугъоегъэ тхыгъэу томий хъурэ тхылъхэр$fКъуекъо Налбый$vТ. 5
-- 700#1$aКъуекъо$bН.$gНалбый$4070
Системный номер (АБИС) связанной записи 10276487
Автор Къуекъо, Н.
Место публикации Мыекъуапэ
Дата публикации 2012-
Первые сведения об ответственности Къуекъо Налбый
Имя издателя, распространителя и т.д. Адыгэ Респ. итхылъ тедзапI
Заглавие Зэхэугъоегъэ тхыгъэу томий хъурэ тхылъхэр
ISBN 978-5-7608-0667-3
Номер тома Т. 5
801 #0 - ИСТОЧНИК ЗАПИСИ
Страна Российская Федерация
Организация NLR
Дата составления 20121204
Правила каталогизации PSBO
852 ## - МЕСТОНАХОЖДЕНИЕ И ШИФР ХРАНЕНИЯ
Идентификатор организации NLR
Наименование фонда или коллекции (Sub-Location Identifier) ОНЛ
Шифр хранения (Call Number) Адыг./3-1378
942 ## - ДОПОЛНИТЕЛЬНЫЕ ЭЛЕМЕНТЫ ЗАПИСИ (АБИС)
Тип экземпляра АБИС Книга
980 ## - КОЛЛЕКЦИЯ
Название коллекции Национальная библиография
980 ## - КОЛЛЕКЦИЯ
Название коллекции Каталог книг на языках народов РФ и стран СНГ
Экземпляры
Тип экземпляра Дата поступления Библиотека постоянного хранения Библиотека текущего хранения Место хранения Шифр хранения Штрих-код Статус экземпляра
Книга 22.11.2019 РНБ (Московский) РНБ (Московский) Фонд национальных литератур ОНЛ Адыг./3-1378 1-2413837